000 01114nac a22003371i 4500
003 EG-ScBUE
005 20250622085253.0
008 250611t2001 gw a f b 001 0 eng d
020 _a354067845X
020 _a9783540678458
040 _aEG-ScBUE
_beng
_erda
_cEG-ScBUE
_dEG-ScBUE
082 0 4 _a536.7
_bJOU
_222
100 1 _aJou, D.
_q(David),
_eauthor.
245 1 0 _aThermodynamics of fluids under flow /
_cD. Jou, J. Casas-Vazquez, M. Criado-Sancho.
264 1 _aBerlin :
_bSpringer,
_c[2001]
264 4 _cc2001
300 _axi, 231 pages :
_billustrations ;
_c25 cm
336 _2rdacontent
_atext
_btxt
337 _aunmediated
_2rdamedia
_bn
338 _avolume
_bnc
_2rdacarrier
500 _aWith 29 figures.
500 _aIncludes appendix.
504 _aIncludes bibliographical references and index.
650 7 _aIrreversible processes.
_2BUEsh
650 7 _aThermodynamics.
_2BUEsh
650 7 _aFluid dynamics.
_2BUEsh
655 _vReading book
700 1 _aCasas-Vázquez, J.
_q(José),
_d1938-
_eauthor.
700 1 _aCriado-Sancho, M.
_q(Manuel),
_d1948-
_eauthor.
942 _cBB
_2ddc
999 _c5866
_d5866